Konvergiranje modela usmjerivanja ekonomskog razvitka.

Rozbor hlavných trendov svetového hospodárstva od konca 1. svet. vojny, kedy sa začalo makroekonomické plánovanie. Intenzifikácia štátneho kapitalizmu ako pôvodný model plánu. Plánovanie v podmienkach štátneho socializmu. Dôkazy, že plánovanie nerešpektovalo reálne ekonomické procesy, ich cykličnosť...

Descrizione completa

Salvato in:
Dettagli Bibliografici
Autore principale: Družic, I.
Natura: Capitolo di libro
Lingua:serbo
Soggetti:
Tags: Aggiungi Tag
Nessun Tag, puoi essere il primo ad aggiungerne!!

MARC

LEADER 00000naa a2200000 4500
001 r003282
005 20220819194204.4
041 0 |a srp 
044 |a [YU] 
245 1 0 |a Konvergiranje modela usmjerivanja ekonomskog razvitka.  |c I. Družic 
520 |a Rozbor hlavných trendov svetového hospodárstva od konca 1. svet. vojny, kedy sa začalo makroekonomické plánovanie. Intenzifikácia štátneho kapitalizmu ako pôvodný model plánu. Plánovanie v podmienkach štátneho socializmu. Dôkazy, že plánovanie nerešpektovalo reálne ekonomické procesy, ich cykličnosť a funkcie trhu. 
610 2 0 |a rozvoj hospodársky 
610 2 0 |a hospodárstvo svetové 
610 2 0 |a plánovanie makroekonomické 
610 2 0 |a kapitalizmus štátny 
610 2 0 |a socializmus 
610 2 0 |a trh 
610 2 0 |a systémy ekonomické 
100 1 |a Družic, I.